| 000 -LEADER |
| fixed length control field |
02227cam a2200385 i 4500 |
| 001 - CONTROL NUMBER |
| control field |
18066598 |
| 003 - CONTROL NUMBER IDENTIFIER |
| control field |
Nust |
| 005 - DATE AND TIME OF LATEST TRANSACTION |
| control field |
20170306151543.0 |
| 008 - FIXED-LENGTH DATA ELEMENTS--GENERAL INFORMATION |
| fixed length control field |
140313t20152015flua b 001 0 eng |
| 010 ## - LIBRARY OF CONGRESS CONTROL NUMBER |
| LC control number |
2014006695 |
| 020 ## - INTERNATIONAL STANDARD BOOK NUMBER |
| International Standard Book Number |
9781482231618 (paperback) |
| 020 ## - INTERNATIONAL STANDARD BOOK NUMBER |
| International Standard Book Number |
1482231611 (paperback) |
| 040 ## - CATALOGING SOURCE |
| Original cataloging agency |
DLC |
| Language of cataloging |
eng |
| Transcribing agency |
DLC |
| Description conventions |
rda |
| Modifying agency |
DLC |
| 042 ## - AUTHENTICATION CODE |
| Authentication code |
pcc |
| 050 00 - LIBRARY OF CONGRESS CALL NUMBER |
| Classification number |
QA76.9.A25 |
| Item number |
B356 2015 |
| 082 00 - DEWEY DECIMAL CLASSIFICATION NUMBER |
| Classification number |
005.8 BAL |
| Edition number |
23 |
| 084 ## - OTHER CLASSIFICATION NUMBER |
| Classification number |
COM053000 |
| -- |
COM043000 |
| -- |
LAW041000 |
| Number source |
bisacsh |
| 100 1# - MAIN ENTRY--PERSONAL NAME |
| Personal name |
Baloch, Rafay. |
| 245 10 - TITLE STATEMENT |
| Title |
Ethical hacking and penetration testing guide / |
| Statement of responsibility, etc. |
Rafay Baloch. |
| 264 #1 - PRODUCTION, PUBLICATION, DISTRIBUTION, MANUFACTURE, AND COPYRIGHT NOTICE |
| Place of production, publication, distribution, manufacture |
Boca Raton : |
| Name of producer, publisher, distributor, manufacturer |
CRC Press, Taylor & Francis Group, |
| Date of production, publication, distribution, manufacture, or copyright notice |
[2015] |
| 264 #4 - PRODUCTION, PUBLICATION, DISTRIBUTION, MANUFACTURE, AND COPYRIGHT NOTICE |
| Date of production, publication, distribution, manufacture, or copyright notice |
©2015 |
| 300 ## - PHYSICAL DESCRIPTION |
| Extent |
xxvii, 503 pages : |
| Other physical details |
illustrations ; |
| Dimensions |
26 cm |
| 336 ## - CONTENT TYPE |
| Content type term |
text |
| Source |
rdacontent |
| 337 ## - MEDIA TYPE |
| Media type term |
unmediated |
| Source |
rdamedia |
| 338 ## - CARRIER TYPE |
| Carrier type term |
volume |
| Source |
rdacarrier |
| 504 ## - BIBLIOGRAPHY, ETC. NOTE |
| Bibliography, etc. note |
Includes bibliographical references and index. |
| 520 ## - SUMMARY, ETC. |
| Summary, etc. |
"This book introduces the steps required to complete a penetration test, or ethical hack. Requiring no prior hacking experience, the book explains how to utilize and interpret the results of modern day hacking tools, which are required to complete a penetration test. Coverage includes Backtrack Linux, Google reconnaissance, MetaGooFil, dig, Nmap, Nessus, Metasploit, Fast Track Autopwn, Netcat, and Hacker Defender rootkit. Simple explanations of how to use these tools and a four-step methodology for conducting a penetration test provide readers with a better understanding of offensive security. "-- |
| Assigning source |
Provided by publisher. |
| 650 #0 - SUBJECT ADDED ENTRY--TOPICAL TERM |
| Topical term or geographic name entry element |
Penetration testing (Computer security) |
| 650 #7 - SUBJECT ADDED ENTRY--TOPICAL TERM |
| Topical term or geographic name entry element |
COMPUTERS / Security / General. |
| Source of heading or term |
bisacsh |
| 650 #7 - SUBJECT ADDED ENTRY--TOPICAL TERM |
| Topical term or geographic name entry element |
COMPUTERS / Networking / General. |
| Source of heading or term |
bisacsh |
| 650 #7 - SUBJECT ADDED ENTRY--TOPICAL TERM |
| Topical term or geographic name entry element |
LAW / Forensic Science. |
| Source of heading or term |
bisacsh |
| 856 42 - ELECTRONIC LOCATION AND ACCESS |
| Materials specified |
Cover image |
| Uniform Resource Identifier |
<a href="http://images.tandf.co.uk/common/jackets/websmall/978148223/9781482231618.jpg">http://images.tandf.co.uk/common/jackets/websmall/978148223/9781482231618.jpg</a> |
| 906 ## - LOCAL DATA ELEMENT F, LDF (RLIN) |
| a |
7 |
| b |
cbc |
| c |
orignew |
| d |
1 |
| e |
ecip |
| f |
20 |
| g |
y-gencatlg |
| 942 ## - ADDED ENTRY ELEMENTS (KOHA) |
| Source of classification or shelving scheme |
|
| Koha item type |
Book |